000
00178 a2200097 4500
020
_a
9781887734004
041
_a
eng
100
_a
Rose Treat
245
_a
The seaweed
942
_c
K
999
_c
28391
_d
28391